000 00550nam a2200169 i 4500
001 bg
100 1 _aDAUSZWILI, Awtandił
245 0 _aObliczanie obudów tunelowych z wykorzystaniem rachunku macierzowego /
_cAwtandił Dauszwili.
260 _aWrocław,
_c1978.
490 1 _aPrace Naukowe Instytutu Geotechniki Politechniki Wrocławskiej ;
_v27
830 _aPrace Naukowe Instytutu Geotechniki Politechniki Wrocławskiej ;
040 _cBPK
041 _apol
080 _a624.13
942 _cKS
008 s pl f |000 0 pol
999 _c18358
_d18358
856 _uhttp://koha.tu.koszalin.pl/cgi-bin/koha/opac-detail.pl?biblionumber=18358
_yKatalog online BPK